01730nam a2200397 a 4500001001000000003000500010005001700015008004100032010001100073011001100084040000900095090001000104100003600114245013500150260004100285500006000326502010200386590004100488590004000529590004000569590004000609590004000649590004000689590004000729590004000769650005500809650003500864650004500899856007000944901000701014942001001021942000601031999001901037952014001056952013601196000112857CHAP20220329144325.0170120s2016 mx a fsm |||||||spa d a109318 a110290 cCHAP aTesis1 aValencia Lamas, Enedino913135510aIndicadores de desarrollo del sector agrícola en México del período (1990-2014) /h[En línea]cpor Enedino Valencia Lamas. aChapingo, Méx. :bEl autor,c2016. aPara ver el contenido del material haga clic en la liga aTesis (Ing. en Economía Agrícola) -- UACH. División de Ciencias Económico Administrativas aE11695DGDb10c20170208lUCH01h1029 aE6096MTMb05c20170207lUCH01h1436 aE6096MTMb05c20170207lUCH01h1440 aE8697GMMb05c20170120lUCH01h1322 aE8697GMMb05c20170120lUCH01h1324 aE8697GMMb05c20170201lUCH01h0902 aE8697GMMb05c20170206lUCH01h0945 aE8697GMMb05c20170207lUCH01h092114aAgriculturaxAspectos económicoszMéxico9131214aDesarrollo agrícola.912546514aDesarrollo sustentablexMéxico.932090 aFinding aiduhttp://10.13.5.2/tesis/sist112857.pdfzTeclea aquí aBK cTESIS n0 c109318d109318 00102local4053708TESISaBCbBCcPA_TESISd2017-01-20fTESISl0oTESISp33724002528702r2019-12-31 00:00:00tc.2w2019-12-31yTESIS 00104054718TESISaBCbBCd2017-01-20fTESISl0oTESISp33724002528743r2019-12-31 00:00:00w2019-12-31yTESISzRecien adquirido